| 000 | 00951nam a22002655a 4500 | ||
|---|---|---|---|
| 005 | 20150722095130.0 | ||
| 008 | 150624s2013 ii adk frb 001 0 eng d | ||
| 020 | _a9788122427233 | ||
| 040 |
_aEG-ScBUE _beng _cEG-ScBUE _dEG-ScBUE |
||
| 082 | 0 | 4 |
_a620.0015118 _bRAO _222 |
| 100 | 1 |
_aRao, Singiresu S., _d1944- _920631 |
|
| 245 | 1 | 0 |
_aEngineering optimization : _btheory and practice / _cSingiresu S. Rao. |
| 250 | _a3rd enlarged ed. | ||
| 260 |
_aNew Delhi : _bNew Age International (P.) Limited, Publishers, _c2013. |
||
| 300 |
_axix, 754 p. : _bcharts, forms, tables ; _c25 cm. |
||
| 500 | _aIndex : p. 747-754. | ||
| 504 | _aIncludes bibliographical references. | ||
| 650 | 0 |
_aEngineering _x Mathematical models. _2BUEsh |
|
| 650 | 0 |
_aMathematical optimization. _2BUEsh |
|
| 650 | 0 |
_aEngineering design. _2BUEsh |
|
| 651 | _2BUEsh | ||
| 653 |
_bCOMSCI _cJune2015 _cJuly2015 |
||
| 655 |
_vreading book _934232 |
||
| 942 |
_2ddc _k620.0015118 RAO |
||
| 999 |
_c19929 _d19901 |
||